A text book of nursing trands and issues (Record no. 88910)
[ view plain ]
| 000 -LEADER | |
|---|---|
| fixed length control field | 00518nam a22001817a 4500 |
| 008 - FIXED-LENGTH DATA ELEMENTS--GENERAL INFORMATION | |
| fixed length control field | 191227b xxu||||| |||| 00| 0 eng d |
| 020 ## - INTERNATIONAL STANDARD BOOK NUMBER | |
| International Standard Book Number | 9789937911665 |
| 082 ## - DEWEY DECIMAL CLASSIFICATION NUMBER | |
| Classification number | 610.73/P323t |
| 100 ## - MAIN ENTRY--PERSONAL NAME | |
| Personal name | Pandey, Kabita |
| 245 ## - TITLE STATEMENT | |
| Title | A text book of nursing trands and issues |
| 260 ## - PUBLICATION, DISTRIBUTION, ETC. | |
| Place of publication, distribution, etc. | Kathmandu: |
| Name of publisher, distributor, etc. | Samiksha Publication, |
| Date of publication, distribution, etc. | 2073BS. |
| 300 ## - PHYSICAL DESCRIPTION | |
| Extent | 167p. |
| 504 ## - BIBLIOGRAPHY, ETC. NOTE | |
| Bibliography, etc. note | Includes bibliography (164-167) |
| 650 ## - SUBJECT ADDED ENTRY--TOPICAL TERM | |
| Topical term or geographic name entry element | Medical science |
| 9 (RLIN) | 9278 |
| 650 ## - SUBJECT ADDED ENTRY--TOPICAL TERM | |
| Topical term or geographic name entry element | Nursing education |
| 700 ## - ADDED ENTRY--PERSONAL NAME | |
| Personal name | Bhandari, Bhagawati |
| 942 ## - ADDED ENTRY ELEMENTS (KOHA) | |
| Source of classification or shelving scheme | Dewey Decimal Classification |
| Koha item type | ISBN |
| Withdrawn status | Lost status | Source of classification or shelving scheme | Damaged status | Not for loan | Home library | Current library | Date acquired | Total Checkouts | Full call number | Barcode | Date last seen | Price effective from | Koha item type |
|---|---|---|---|---|---|---|---|---|---|---|---|---|---|
| Dewey Decimal Classification | Tribhuvan University Central Library | Tribhuvan University Central Library | 12/27/2019 | 610.73/P323t | IS12300 | 12/27/2019 | 12/27/2019 | ISBN |
